Seismic Analysis and design for soil Pile Structure Interactions / (Record no. 617416)
[ view plain ]
| 000 -LEADER | |
|---|---|
| fixed length control field | 00480nam a22001697a 4500 |
| 003 - CONTROL NUMBER IDENTIFIER | |
| control field | NUST |
| 005 - DATE AND TIME OF LATEST TRANSACTION | |
| control field | 20260512140311.0 |
| 008 - FIXED-LENGTH DATA ELEMENTS--GENERAL INFORMATION | |
| fixed length control field | 260512b ||||| |||| 00| 0 eng d |
| 020 ## - INTERNATIONAL STANDARD BOOK NUMBER | |
| International Standard Book Number | 00-7844-0287-6 |
| 082 ## - DEWEY DECIMAL CLASSIFICATION NUMBER | |
| Classification number | 624.1762 |
| Author Mark | PRA |
| 100 ## - MAIN ENTRY--PERSONAL NAME | |
| Personal name | Shamshair Parkash |
| 9 (RLIN) | 134422 |
| 245 ## - TITLE STATEMENT | |
| Title | Seismic Analysis and design for soil Pile Structure Interactions / |
| Statement of responsibility, etc. | Shamshair Parkash. |
| 260 ## - PUBLICATION, DISTRIBUTION, ETC. | |
| Place of publication, distribution, etc. | USA: |
| Name of publisher, distributor, etc. | ASCE, |
| Date of publication, distribution, etc. | 1997. |
| 300 ## - PHYSICAL DESCRIPTION | |
| Extent | 129 p ; |
| Dimensions | 25.6 cm |
| 563 ## - BINDING INFORMATION | |
| Binding note | Paperback |
| 942 ## - ADDED ENTRY ELEMENTS (KOHA) | |
| Source of classification or shelving scheme | |
| Koha item type | Book |
| Withdrawn status | Lost status | Source of classification or shelving scheme | Damaged status | Not for loan | Permanent Location | Current Location | Date acquired | Total Checkouts | Full call number | Barcode | Date last seen | Price effective from | Koha item type |
|---|---|---|---|---|---|---|---|---|---|---|---|---|---|
| Institute of Geographical Information Systems (IGIS) | Institute of Geographical Information Systems (IGIS) | 05/12/2026 | 624.1762 PRA | IGIS-1181 | 05/12/2026 | 05/12/2026 | Book |
